01746nam a2200265Ia 4500008004100000020003100041020002400072050001700096100004800113240008200161245018500243260003600428300002500464337001000489338001400499339001200513500016600525505052700691650004101218700005101259700004401310942001201354952009701366999001701463120625s1985 sp 001 0 spa d a8429126619 (obra completa) a8429126627 (vol. 1) 4aQA76.6 bK571 aKnuth, Donald Ervin d1938-e, autor.9834714aThe Art of computer programming. Volume 1. Fundamental algorithms.lEspañol13aEl arte de programar ordenadoresb: volumen 1, algoritmos fundamentalesc / Donald E. Knuth ; en la version española Han colaborado Michel Antscherl Harlange, Joan Iluis i Biset.3 aEspaña b: Revertéc, 1985. axxii, 672 páginas. aTexto aSin medio aVolumen aIncluye apéndices (pp. 647-656) Incluye índice alfabético (pp. 657-672) Traducción de: The Art of computer programming. Volume 1. Fundamental algorithms.1 a1. Conceptos básicos Algoritmos Preliminares matemáticos Mix Algunas técnicas de programación fundamentales 2. Estructuras de la información Introducción Listas lineales Árboles Estructuras multienlazadas Asignación dinámica de memoria Historia y bibliografía Respuesta a los ejercicios Apéndices A. índice de notas B. Tablas de cantidades numéricas - Constantes fundamentales (decimal) - Constantes fundamentales (octal) - Números armónicos, números de Bernoulli, números de Fibonacci.14aPROGRAMACIÓN DE COMPUTADORAS955481 aAntscherl Harlange, Michele, traductor.983481 aLluis i Biset, Joane, traductor.98349 cLB2lcc 00102lcc4070a04b04d2015-12-01l0oQA76.6 K57p05 000593r2023-02-08t1w2015-12-01yLB c61543d61543